MARC

LEADER 00000nam0a2200000 4500
001 256542
005 20231101233126.0
035 |a (RuTPU)RU\TPU\book\279251 
090 |a 256542 
100 |a 20140409d1977 k y0rusy50 ca 
101 0 |a rus 
102 |a RU 
105 |a a z 001zy 
200 1 |a Задачи теплообмена в приложении к теории бурения скважин 
210 |a Казань  |c Изд-во Казанского ун-та  |d 1977 
215 |a 182 с.  |c ил. 
320 |a Библиогр.: с. 175-180. 
606 1 |a Бурение  |x Расчеты  |2 stltpush  |3 (RuTPU)RU\TPU\subj\30237  |9 53369 
610 1 |a теплообмен 
610 1 |a теория 
610 1 |a задачи 
610 1 |a скважины 
610 1 |a конвективный теплообмен 
610 1 |a теплопроводность 
610 1 |a температурный режим 
675 |a 622.24  |v 3 
700 1 |a Пудовкин  |b М. А.  |g Михаил Александрович 
701 1 |a Чугунов  |b В. А.  |g Владимир Аркадьевич 
701 1 |a Саламатин  |b А. Н.  |g Андрей Николаевич 
801 1 |a RU  |b 63413507  |c 20140409 
801 2 |a RU  |b 63413507  |c 20140721  |g RCR 
942 |c BK